Commercial arithmatic & elements of statistics (Record no. 5635)
[ view plain ]
| 000 -LEADER | |
|---|---|
| fixed length control field | 00631cam a2200229ua 4500 |
| 001 - CONTROL NUMBER | |
| control field | 6491 |
| 005 - DATE AND TIME OF LATEST TRANSACTION | |
| control field | 20260515114047.0 |
| 008 - FIXED-LENGTH DATA ELEMENTS--GENERAL INFORMATION | |
| fixed length control field | 131216n ii |||gr||||Z||||||eng |
| 020 ## - INTERNATIONAL STANDARD BOOK NUMBER | |
| International Standard Book Number | 81-7663-549-9 |
| 020 ## - INTERNATIONAL STANDARD BOOK NUMBER | |
| International Standard Book Number | 81-7096-835-6 |
| 040 ## - CATALOGING SOURCE | |
| Transcribing agency | MAIN |
| 082 ## - DEWEY DECIMAL CLASSIFICATION NUMBER | |
| Classification number | 519.5 |
| 245 ## - TITLE STATEMENT | |
| Title | Commercial arithmatic & elements of statistics |
| Statement of responsibility, etc. | By S.C. Chanda |
| 250 ## - EDITION STATEMENT | |
| Edition statement | 3rd rev. & enlarged ed. |
| 260 ## - PUBLICATION, DISTRIBUTION, ETC. | |
| Place of publication, distribution, etc. | Ludhiana: |
| Name of publisher, distributor, etc. | Kalyani publishers, |
| Date of publication, distribution, etc. | 1989. |
| 300 ## - PHYSICAL DESCRIPTION | |
| Extent | x,378p. |
| 653 ## - INDEX TERM--UNCONTROLLED | |
| Uncontrolled term | Commerce |
| 653 ## - INDEX TERM--UNCONTROLLED | |
| Uncontrolled term | Commercial arithmatic & elements of statistics |
| 700 ## - ADDED ENTRY--PERSONAL NAME | |
| Personal name | Chanda,S.C., |
| Relator term | Author., |
| 700 ## - ADDED ENTRY--PERSONAL NAME | |
| Personal name | Nag,N.K., |
| Relator term | Author. |
| 942 ## - ADDED ENTRY ELEMENTS (KOHA) | |
| Koha item type | Books |
| Withdrawn status | Lost status | Damaged status | Not for loan | Home library | Current library | Shelving location | Date acquired | Total checkouts | Full call number | Barcode | Date last seen | Copy number | Price effective from | Koha item type |
|---|---|---|---|---|---|---|---|---|---|---|---|---|---|---|
| Naharkatiya College Library | Naharkatiya College Library | General stacks | 09/19/2020 | 519.5 | CHA | 14003 | 09/19/2020 | 1 | 09/19/2020 | Books | |||||
| Naharkatiya College Library | Naharkatiya College Library | General stacks | 09/19/2020 | 519.5 | CHA | 14004 | 09/19/2020 | 2 | 09/19/2020 | Books |